• 首页
  • 本馆介绍
  • 公告通知
  • 最新文献
  • 馆藏检索
  • 电子资源
  • 读者导购
  • 参考咨询
  • 我的图书馆
  • 登录
  • 详细信息显示
  • 放入我的书架
  • 预约/预借图书
  • 作者相关作品
  • 分类相关作品
  • 丛书相关作品
  • 出版社相关作品

书目信息

  • 表格格式
  • 工作单格式
  • 卡片格式
题名:
美国外交史
    
 
作者: 比米斯 著 ;叶笃义 译
分册: 第一分册  
出版信息: 北京   商务印书馆  1985
页数: 231页
开本: 20cm
丛书名:
单 册:
中图分类: D871.29
科图分类:
主题词: 外交史--美国 , 对外关系--国际关系史--美国
电子资源:
ISBN:
000 00777nam0 2200265 45
001 0185001770
005 20050630151907.6
010    @dCNY1.25
091    @a11017.657
100    @a19900823d1985 em y0chiy0121 ea
101 1  @achi@ceng
102    @aCN@b110000
105    @ay z 000yy
200 10 @a美国外交史@Amei guo wai jiao shi@h第一分册@f(美)S·F·比米斯著@F(Mei)S·F·Bi Mi Si Zhu@g叶笃义译
210    @a北京@c商务印书馆@d1985
215    @a231页@d20cm
300    @a据美霍尔特--温斯顿公司1965年第5版译出
606    @a外交史@y美国
606 0  @a对外关系@x国际关系史@y美国
690    @aD871.29@v3
701  0 @a比米斯@4著
702  0 @a叶笃义@Aye du yi@4译
801  0 @aCN@b深圳图书馆@c20040430
801  2 @aCN@bNLC@c20040430
905    @dD871.29@e13:1@f1@b139722
    
    美国外交史.第一分册/(美)S·F·比米斯著/叶笃义译.-北京:商务印书馆,1985
    231页;20cm
    据美霍尔特--温斯顿公司1965年第5版译出
    
    ISBN :CNY1.25
    
●
相关链接 在E读中查询图书 在五车中查询图书 在当当中查询图书 在豆瓣中查询图书


正题名:美国外交史     索取号:D871.29/13:1         预约/预借

序号 登录号 条形码 馆藏地/架位号 状态 备注
1 0139720   001028042   密集书库/ [索取号:D871.29/13:1] 在馆    
2 0139721   000378610   第一借阅区/ [索取号:D871.29/13:1] 在馆    
3 0139722   001068051   第一样本阅览室/ [索取号:D871.29/13:1] 在馆    
唐山师范学院图书馆 欢迎您!
大连网信软件有限公司© 版权所有